The essential Dalai Lama : (Record no. 4597)

MARC details
000 -LEADER
fixed length control field 00587 a2200181 4500
010 ## - LCCN (DPL NO)
LC control number ENG-86463
020 ## - INTERNATIONAL STANDARD BOOK NUMBER
International Standard Book Number 0143101307
Terms of availability 250.00
035 ## - SYSTEM CONTROL NUMBER
System control number EN-69996
037 ## - SOURCE OF ACQUISITION
Source of stock number/acquisition DBAD / PUB
082 14 - DEWEY DECIMAL CLASSIFICATION NUMBER
Classification number 181.499
245 1# - TITLE STATEMENT
Title The essential Dalai Lama :
Remainder of title his important teachings /
Statement of responsibility, etc edited by Rajiv Mehrotra
260 ## - PUBLICATION, DISTRIBUTION, ETC. (IMPRINT)
Place of publication, distribution, etc New Delhi
Name of publisher, distributor, etc Penguin Books
Date of publication, distribution, etc 2005
270 ## - ADDRESS
Address 11, Community Centre, Panchsheel Park
City New Delhi
State or province West Bengal
Postal code 110 017
300 ## - PHYSICAL DESCRIPTION
Extent xiv, 258 p.
Dimensions 22cm (Pbk)
500 ## - GENERAL NOTE
General note includes index
700 1# - ADDED ENTRY--PERSONAL NAME
Personal name Mehrotra, Rajiv
942 ## - ADDED ENTRY ELEMENTS (KOHA)
Institution code [OBSOLETE] dpl
Item type English Books
Source of classification or shelving scheme Dewey Decimal Classification
Classification part 181.499
Call number suffix ESS
Holdings
Withdrawn status Lost status Not for loan Collection code Home library Current library Source of acquisition Cost, normal purchase price Full call number Barcode Copy number Cost, replacement price Koha item type
    Not For Loan Non-fiction D.B.Act.Division D.B.Act.Division DBAD/PUB 250.00 181.499 ESS EN-69996 1 250.00 English Books

© Delhi Public Library
Hit Counter
free hit counter